Statistics for US Presidents

Click here to take the quiz!

General Stats

  • This quiz has been taken 43 times
  • The average score is 31 of 45

Answer Stats

HintAnswer% Correct
#1George Washington
97%
#45Donald J. Trump
95%
#44Barack Obama
92%
#16Abraham Lincoln
87%
#41George H. W. Bush
85%
#43George W. Bush
85%
#42Bill Clinton
82%
#2John Adams
82%
#35John F. Kennedy
82%
#6John Quincy Adams
82%
#36Lyndon B. Johnson
82%
#40Ronald Reagan
82%
#17Andrew Johnson
79%
#38Gerald Ford
79%
#39Jimmy Carter
79%
#34Dwight D. Eisenhower
77%
#33Harry S. Truman
77%
#37Richard Nixon
77%
#3Thomas Jefferson
74%
#7Andrew Jackson
69%
#31Hebert Hoover
67%
#4James Madison
67%
#9William Henry Harrison
67%
#28Woodrow Wilson
67%
#5James Monroe
64%
#8Martin Van Buren
64%
#23Benjamin Harrison
62%
#30Calvin Coolidge
62%
#18Ulysses S. Grant
62%
#27William H. Taft
62%
#32Franklin Delano Roosevelt
59%
#20James A. Garfield
59%
#10John Tyler
59%
#26Theodore Roosevelt
59%
#12Zachary Taylor
59%
#11James K. Polk
56%
#24Grover Cleveland
54%
#22Grover Cleveland
54%
#25William McKinley
51%
#21Chester A. Arthur
49%
#14Franklin Pierce
49%
#15James Buchanan
46%
#13Millard Fillmore
46%
#19Rutherford B. Hayes
46%
#29Warren G. Harding
46%

Score Distribution

Percentile by Number Answered

Percent of People with Each Score

Your Score History

You have not taken this quiz